000 00852nam a2200253Ia 4500
003 OSt
005 20220923215503.0
006 a|||||r|||| 00| 0
007 ta
008 220922b |||||||| |||| 00| 0 hin d
024 _a179,245
037 _cTextual
040 _aARTS
_cARTS
_bhin
041 _2hin
_ahin
082 _aO152,1M96:g, M2
100 _aगौतम, अरूणिमा
245 0 _aनिराला का काव्य
_b प्रयोग के आयाम
246 _aNirālā kā kāvya: prayog ke āyāma
260 _aकानपुर
_b अनुपम प्रकाशन
_c1982
300 _a112 पृ.
_ccm.
650 _aहिन्दी साहित्य
_9156264
942 _hO152,1M96:g, M2
_cTEXL
_2CC
999 _c332626
_d332626